00603cam a22002053a 450000100060000000300060000600500170001200800410002904000150007004200070008505000070009210000400009924500720013926000290021150600300024051600200027065300360029083000290032685600420035544490PGUSA20140828084021.0131223s2013||||xxu|||||s|||||000 | eng d aPGUSAbeng adc 4aDP1 aWigram, Edgar Thomas Ainger,d1864-10aNorthern Spainh[electronic resource] /cEdgar Thomas Ainger Wigram bProject Gutenberg,c2013 aPublic domain in the USA. aElectronic text aSpain -- Description and travel 0aProject Gutenbergv4449040uhttp://www.gutenberg.org/ebooks/44490